[Event "4th GRENKE Open 2019"]
[Site "Karlsruhe"]
[Date "2019.04.19"]
[Round "2.116"]
[White "Jansen, Bob"]
[Black "Roser, Kevin"]
[Result "1-0"]
[WhiteElo "2178"]
[BlackElo "2362"]
[Annotator "TA"]
[PlyCount "57"]
[EventDate "2019.04.18"]
[EventType "swiss"]
[EventCountry "GER"]
[SourceTitle "playchess.com"]
[Source "ChessBase"]
[SourceQuality "1"]

1. d4 Nf6 2. Bg5 e6 3. e4 h6 4. Bxf6 Qxf6 5. c3 d6 6. Bd3 e5 7. Ne2 Qd8 8. O-O Be7 9. f4 O-O 10. Qb3 Nd7 11. a4 Bf6 12. Na3 Qe7 13. a5 Rb8 14. Nc4 g6 15. Rf3 Bg7 16. Raf1 b5 17. axb6 axb6 18. Ne3 c6 19. fxe5 Bxe5 20. Bc4 b5 21. Rxf7 Rxf7 22. Bxf7+ Kg7 23. Bxg6 Kxg6 24. Qg8+ Qg7 25. Qe8+ Kh7 26. Rf7 Nf6 27. Rxg7+ Kxg7 28. Nf5+ Bxf5 29. Qxb8 1-0

[Event "4th GRENKE Open 2019"]
[Site "Karlsruhe"]
[Date "2019.04.19"]
[Round "2.117"]
[White "Stark, Lars"]
[Black "Wedda, Dries"]
[Result "0-1"]
[WhiteElo "2362"]
[BlackElo "2170"]
[Annotator "TA"]
[PlyCount "22"]
[EventDate "2019.04.18"]
[EventType "swiss"]
[EventCountry "GER"]
[SourceTitle "playchess.com"]
[Source "ChessBase"]
[SourceQuality "1"]

1. c4 c5 2. g3 g6 3. Bg2 Bg7 4. Nc3 Nc6 5. a3 b6 6. Nf3 Bb7 7. O-O e6 8. e3 Nge7 9. d4 cxd4 10. Nxd4 Rb8 11. Ndb5 O-O 0-1

[Event "4th GRENKE Open 2019"]
[Site "Karlsruhe"]
[Date "2019.04.19"]
[Round "3.2"]
[White "Korobov, Anton"]
[Black "Ondersteijn, Niels"]
[Result "1-0"]
[WhiteElo "2675"]
[BlackElo "2390"]
[Annotator "TA"]
[PlyCount "77"]
[EventDate "2019.04.18"]
[EventType "swiss"]
[EventCountry "GER"]
[SourceTitle "playchess.com"]
[Source "ChessBase"]
[SourceQuality "1"]

1. d4 Nf6 2. c4 g6 3. Nc3 d5 4. Bd2 Bg7 5. cxd5 Nxd5 6. e4 Nb6 7. Be3 O-O 8. Bb5 Be6 9. Nf3 Bg4 10. a4 e5 11. d5 c6 12. dxc6 Qxd1+ 13. Nxd1 bxc6 14. Be2 Bxf3 15. gxf3 Rd8 16. Nc3 N8d7 17. a5 Nc8 18. O-O-O Bf6 19. Ba6 Rb8 20. f4 Nf8 21. f5 Rd4 22. Bxc8 Rxc8 23. Bxd4 exd4 24. Ne2 c5 25. Kc2 Re8 26. fxg6 Nxg6 27. f3 Kf8 28. b3 Ne5 29. Nc1 c4 30. Rxd4 cxb3+ 31. Nxb3 Rc8+ 32. Kb1 Rb8 33. Ka2 Nxf3 34. Rd5 Ne5 35. Rf1 Ke7 36. Nd4 Rg8 37. Nf5+ Kf8 38. Rc1 Rg2+ 39. Kb3 1-0

[Event "4th GRENKE Open 2019"]
[Site "Karlsruhe"]
[Date "2019.04.19"]
[Round "3.4"]
[White "Kuzubov, Yuriy"]
[Black "Kosakowski, Jakub"]
[Result "1-0"]
[WhiteElo "2653"]
[BlackElo "2381"]
[Annotator "ChessBase"]
[PlyCount "65"]
[EventDate "2019.04.18"]
[EventType "swiss"]
[EventCountry "GER"]
[SourceTitle "playchess.com"]
[Source "ChessBase"]
[SourceQuality "1"]

1. d4 Nf6 2. Nf3 g6 3. Nbd2 Bg7 4. e4 d6 5. Bd3 O-O 6. O-O Nc6 7. c3 e5 8. Re1 Re8 9. dxe5 Nxe5 10. Nxe5 dxe5 11. Nc4 b6 12. a4 Bb7 13. Bg5 Qe7 14. Qc2 Rad8 15. Ne3 Rd6 16. f3 Red8 17. Bf1 c6 18. b4 h6 19. Bh4 h5 20. Bg5 Kh7 21. Qc1 Qc7 22. a5 Re6 23. axb6 axb6 24. Nc4 Ra8 25. Rxa8 Bxa8 26. Qa3 Re8 27. Rd1 Rb8 28. Be3 b5 29. Qa5 Ne8 30. Nb6 Nf6 31. Bc5 Bf8 32. Bxf8 Rxf8 33. Nd7 1-0

[Event "4th GRENKE Open 2019"]
[Site "Karlsruhe"]
[Date "2019.04.19"]
[Round "3.5"]
[White "Grigorian, Spartak"]
[Black "Chigaev, Maksim"]
[Result "0-1"]
[WhiteElo "2384"]
[BlackElo "2634"]
[Annotator "ChessBase"]
[PlyCount "60"]
[EventDate "2019.04.18"]
[EventType "swiss"]
[EventCountry "GER"]
[SourceTitle "playchess.com"]
[Source "ChessBase"]
[SourceQuality "1"]

1. d4 Nf6 2. c4 d6 3. Nc3 g6 4. e4 Bg7 5. Be2 O-O 6. Nf3 e5 7. O-O Na6 8. Be3 c6 9. d5 Ng4 10. Bg5 f6 11. Bd2 Nh6 12. Rb1 c5 13. a3 Nf7 14. b4 Bd7 15. Ne1 f5 16. Nd3 b6 17. f4 Qe7 18. bxc5 Nxc5 19. Nxc5 bxc5 20. Bd3 exf4 21. exf5 Ne5 22. Qe2 f3 23. gxf3 Qh4 24. Ne4 Nxd3 25. Qxd3 Bxf5 26. Be1 Qh3 27. Bg3 Rae8 28. Rbe1 Bd4+ 29. Kh1 Rxe4 30. fxe4 Bxe4+ 0-1

[Event "4th GRENKE Open 2019"]
[Site "Karlsruhe"]
[Date "2019.04.19"]
[Round "3.6"]
[White "Sarana, Alexey"]
[Black "Lye, Lik Zang"]
[Result "1/2-1/2"]
[WhiteElo "2630"]
[BlackElo "2377"]
[Annotator "ChessBase"]
[PlyCount "83"]
[EventDate "2019.04.18"]
[EventType "swiss"]
[EventCountry "GER"]
[SourceTitle "playchess.com"]
[Source "ChessBase"]
[SourceQuality "1"]

1. d4 d5 2. Nf3 Nf6 3. c4 c6 4. Nc3 dxc4 5. a4 Bf5 6. Ne5 Nbd7 7. Nxc4 Nb6 8. Ne5 a5 9. f3 Nfd7 10. Nxd7 Nxd7 11. e4 Bg6 12. Be3 e6 13. Bc4 Bb4 14. O-O O-O 15. Qb3 Qe7 16. Kh1 Rfe8 17. Rad1 f6 18. Qc2 Kh8 19. Ne2 Bf7 20. Nf4 e5 21. dxe5 Nxe5 22. Bxf7 Qxf7 23. b3 h6 24. Ne2 Rad8 25. Bb6 Rxd1 26. Rxd1 Nd7 27. Bf2 Ne5 28. Ng3 Qc7 29. Nf5 Rd8 30. Bd4 Qd7 31. Ne3 Qe6 32. h4 Ng6 33. Nf5 Ne7 34. Nxe7 Qxe7 35. Bb6 Rxd1+ 36. Qxd1 Qe5 37. Qd8+ Kh7 38. Qd3 Qg3 39. e5+ Kh8 40. Qd8+ Kh7 41. Qd3+ Kh8 42. Qd8+ 1/2-1/2

[Event "4th GRENKE Open 2019"]
[Site "Karlsruhe"]
[Date "2019.04.19"]
[Round "3.7"]
[White "Colpe, Malte"]
[Black "Fridman, Daniel"]
[Result "0-1"]
[WhiteElo "2374"]
[BlackElo "2629"]
[Annotator "ChessBase"]
[PlyCount "74"]
[EventDate "2019.04.18"]
[EventType "swiss"]
[EventCountry "GER"]
[SourceTitle "playchess.com"]
[Source "ChessBase"]
[SourceQuality "1"]

1. d4 d5 2. c4 e6 3. Nc3 Nf6 4. cxd5 exd5 5. Bg5 c6 6. e3 Nbd7 7. Qc2 Be7 8. Bd3 Nf8 9. Nf3 Ne6 10. Bh4 g6 11. Ne5 Ng7 12. O-O-O O-O 13. Kb1 Be6 14. h3 Rc8 15. g4 c5 16. dxc5 Rxc5 17. f4 Qc7 18. Qd2 Rc8 19. Na4 Ra5 20. Rc1 Qd8 21. Rxc8 Bxc8 22. Qc2 Bd7 23. Nxd7 Qxd7 24. b3 d4 25. e4 Ne6 26. Bg3 Ba3 27. f5 Nc5 28. Nxc5 Rxc5 29. Qe2 Qc6 30. Bf4 Nd7 31. h4 Ne5 32. Bd2 a6 33. fxg6 hxg6 34. h5 g5 35. h6 Rc3 36. Bxc3 Qxc3 37. Rd1 Nxd3 0-1

[Event "4th GRENKE Open 2019"]
[Site "Karlsruhe"]
[Date "2019.04.19"]
[Round "3.8"]
[White "Sethuraman, S.P."]
[Black "Chekletsov, Ilya"]
[Result "1-0"]
[WhiteElo "2624"]
[BlackElo "2373"]
[Annotator "ChessBase"]
[PlyCount "117"]
[EventDate "2019.04.18"]
[EventType "swiss"]
[EventCountry "GER"]
[SourceTitle "playchess.com"]
[Source "ChessBase"]
[SourceQuality "1"]

1. e4 c5 2. Nf3 d6 3. d4 cxd4 4. Nxd4 Nf6 5. Nc3 g6 6. Be3 Bg7 7. f3 O-O 8. Bc4 Nc6 9. Qd2 Bd7 10. g4 Ne5 11. Be2 Rc8 12. O-O-O Nc4 13. Bxc4 Rxc4 14. Kb1 Re8 15. h4 h5 16. g5 Nh7 17. Nde2 Qa5 18. Bd4 Nf8 19. Bxg7 Kxg7 20. Nd5 Qxd2 21. Rxd2 Rcc8 22. b3 Bc6 23. c4 Nd7 24. Nd4 Nc5 25. Re1 Ne6 26. Ne2 Kf8 27. Kb2 Nc5 28. Nec3 Ne6 29. f4 Bxd5 30. Nxd5 Nc5 31. Nc3 Red8 32. Red1 Ke8 33. f5 Nd7 34. f6 exf6 35. Nb5 Ke7 36. Nxd6 Rc7 37. Nb5 Rcc8 38. Nxa7 Ra8 39. Nb5 fxg5 40. Nc7 Rac8 41. Nd5+ Ke8 42. hxg5 Nc5 43. a4 Kf8 44. Re2 Kg7 45. Kc3 Ne6 46. Rg1 Rh8 47. Rh2 h4 48. Rg4 h3 49. Rg3 Rh5 50. Rgxh3 Rxh3+ 51. Rxh3 Nxg5 52. Re3 Re8 53. Kd3 Ne6 54. b4 g5 55. c5 Kg6 56. Kc4 g4 57. Rg3 f5 58. exf5+ Kxf5 59. Rxg4 1-0

[Event "4th GRENKE Open 2019"]
[Site "Karlsruhe"]
[Date "2019.04.19"]
[Round "3.9"]
[White "Lagunow, Alexander"]
[Black "Predojevic, Borki"]
[Result "1/2-1/2"]
[WhiteElo "2371"]
[BlackElo "2621"]
[Annotator "ChessBase"]
[PlyCount "44"]
[EventDate "2019.04.18"]
[EventType "swiss"]
[EventCountry "GER"]
[SourceTitle "playchess.com"]
[Source "ChessBase"]
[SourceQuality "1"]

1. Nf3 d5 2. g3 Nd7 3. d4 b5 4. Bg2 e6 5. b3 Bb7 6. O-O Ngf6 7. c4 dxc4 8. bxc4 bxc4 9. Qa4 c5 10. Qxc4 cxd4 11. Nxd4 Rc8 12. Qa4 Bxg2 13. Kxg2 Bc5 14. Nb3 O-O 15. N1d2 Bb6 16. Ba3 Nc5 17. Bxc5 Bxc5 18. Rfd1 Qe7 19. Nxc5 Rxc5 20. Rac1 Qb7+ 21. Nf3 Rxc1 22. Rxc1 h6 1/2-1/2

[Event "4th GRENKE Open 2019"]
[Site "Karlsruhe"]
[Date "2019.04.19"]
[Round "3.10"]
[White "Esipenko, Andrey"]
[Black "Kramer, Julian"]
[Result "1-0"]
[WhiteElo "2616"]
[BlackElo "2369"]
[Annotator "ChessBase"]
[PlyCount "173"]
[EventDate "2019.04.18"]
[EventType "swiss"]
[EventCountry "GER"]
[SourceTitle "playchess.com"]
[Source "ChessBase"]
[SourceQuality "1"]

1. d4 d5 2. c4 dxc4 3. e4 Nc6 4. Nf3 Bg4 5. d5 Ne5 6. Bf4 Ng6 7. Be3 Nf6 8. Nc3 e6 9. Qa4+ Qd7 10. Qxd7+ Kxd7 11. O-O-O exd5 12. Nxd5 Nxd5 13. Bxc4 Ke8 14. Bxd5 c6 15. Bc4 Be7 16. h3 Be6 17. Bxe6 fxe6 18. Rd3 Rf8 19. Rb3 Nf4 20. Bxf4 Rxf4 21. Rxb7 Rxe4 22. Re1 Rxe1+ 23. Nxe1 Rd8 24. Kc2 Rd7 25. Rb8+ Rd8 26. Rb3 Bc5 27. Nd3 Bd4 28. Ra3 Ke7 29. f3 Kd6 30. Nf4 Rb8 31. b3 Rb4 32. Nd3 Rb5 33. Ra4 e5 34. Rc4 g5 35. Kd2 h5 36. Ke2 a5 37. Ne1 Rb7 38. Nc2 Bc5 39. Kd3 Kd5 40. Ra4 Bb6 41. Na3 Rf7 42. Nc4 Bc7 43. Ne3+ Ke6 44. Rc4 Kd7 45. Nf1 Bd6 46. Ng3 h4 47. Ne4 Be7 48. Ra4 Bd8 49. Nc5+ Kd6 50. Rc4 Kd5 51. Ne4 Be7 52. Nc3+ Kd6 53. Rg4 Ke6 54. Kc2 Rf8 55. Ra4 Bd8 56. Rc4 Kd7 57. Ra4 Kd6 58. Ne4+ Kd5 59. Nd2 Bc7 60. Rg4 Bd8 61. Ne4 Rf5 62. Kd3 Be7 63. Nc3+ Kd6 64. Ra4 Bd8 65. Ne4+ Kd5 66. Nd2 Rf7 67. Nc4 Rf4 68. Ne3+ Kc5 69. Rxf4 exf4 70. Nc4 Kb4 71. Ne5 Ka3 72. Nxc6 Bc7 73. Kc2 Kxa2 74. b4 axb4 75. Nxb4+ Ka1 76. Nc6 Ka2 77. Kd3 Kb3 78. Nd4+ Kb2 79. Ne6 Bd6 80. Nxg5 Kc1 81. Ke4 Kd2 82. Kf5 Ke2 83. Kg4 Kf1 84. Kxh4 Kxg2 85. Kg4 Be5 86. h4 Bd6 87. Nf7 1-0

[Event "4th GRENKE Open 2019"]
[Site "Karlsruhe"]
[Date "2019.04.19"]
[Round "3.11"]
[White "Petrov, Vladimir Sergeev"]
[Black "Heimann, Andreas"]
[Result "0-1"]
[WhiteElo "2368"]
[BlackElo "2616"]
[Annotator "ChessBase"]
[PlyCount "120"]
[EventDate "2019.04.18"]
[EventType "swiss"]
[EventCountry "GER"]
[SourceTitle "playchess.com"]
[Source "ChessBase"]
[SourceQuality "1"]

1. e4 e5 2. Nf3 Nc6 3. Nc3 Nf6 4. d4 exd4 5. Nxd4 Bb4 6. Nxc6 bxc6 7. Bd3 d5 8. exd5 O-O 9. O-O cxd5 10. Bg5 c6 11. Qf3 Rb8 12. Rae1 Ba5 13. Rb1 Bc7 14. Ne2 Be5 15. c3 Qd6 16. h3 h6 17. Bh4 c5 18. Qe3 Re8 19. Qd2 Qc6 20. Ng3 Bb7 21. Nf5 d4 22. f3 dxc3 23. bxc3 Rbd8 24. Qc2 c4 25. Be4 Qc5+ 26. Bf2 Bxe4 27. fxe4 Qa5 28. Bd4 Nxe4 29. Rb7 Nxc3 30. Bxa7 Ne2+ 31. Kh1 Qd5 32. Rxf7 Qxf7 33. Nxh6+ gxh6 34. Rxf7 Ng3+ 35. Kh2 Kxf7 36. Qh7+ Ke6 37. Qg6+ Kd5 38. Qf7+ Kc6 39. Qxc4+ Kb7 40. Bd4 Nf1+ 41. Kg1 Bxd4+ 42. Kxf1 Bb6 43. Qf7+ Kb8 44. Qf4+ Kb7 45. Qf7+ Kc6 46. Qc4+ Bc5 47. Qa6+ Kc7 48. Qa5+ Bb6 49. Qc3+ Kb8 50. Qg3+ Kc8 51. Qc3+ Bc7 52. Qc6 Rf8+ 53. Ke2 Rd6 54. Qa8+ Bb8 55. a4 Re8+ 56. Kf3 h5 57. g3 Rf6+ 58. Kg2 Re2+ 59. Kg1 Rb6 60. Kf1 Rc2 0-1

[Event "4th GRENKE Open 2019"]
[Site "Karlsruhe"]
[Date "2019.04.19"]
[Round "3.12"]
[White "Farago, Ivan"]
[Black "Bosiocic, Marin"]
[Result "1/2-1/2"]
[WhiteElo "2367"]
[BlackElo "2613"]
[Annotator "ChessBase"]
[PlyCount "70"]
[EventDate "2019.04.18"]
[EventType "swiss"]
[EventCountry "GER"]
[SourceTitle "playchess.com"]
[Source "ChessBase"]
[SourceQuality "1"]

1. d4 Nf6 2. c4 e6 3. Nf3 d5 4. Nc3 a6 5. cxd5 exd5 6. Bg5 Be6 7. e3 Nbd7 8. Bd3 c6 9. O-O Bd6 10. Qc2 h6 11. Bf4 Qc7 12. Bxd6 Qxd6 13. b4 O-O 14. Rab1 b6 15. Rfc1 a5 16. a3 axb4 17. axb4 Ra3 18. Rb3 Rxb3 19. Qxb3 Ra8 20. h3 b5 21. Rc2 Ra1+ 22. Bf1 Nb6 23. Ra2 Rxa2 24. Nxa2 Nc4 25. Nc1 Bf5 26. Qc3 Ne4 27. Qe1 Qb8 28. Nb3 Qa8 29. Na5 f6 30. Bd3 Ned6 31. Bxf5 Nxf5 32. e4 Nfd6 33. exd5 cxd5 34. Qe6+ Kh7 35. Nxc4 Nxc4 1/2-1/2

[Event "4th GRENKE Open 2019"]
[Site "Karlsruhe"]
[Date "2019.04.19"]
[Round "3.13"]
[White "Tabatabaei, M.amin"]
[Black "Arcuti, Davide"]
[Result "1-0"]
[WhiteElo "2612"]
[BlackElo "2358"]
[Annotator "ChessBase"]
[PlyCount "69"]
[EventDate "2019.04.18"]
[EventType "swiss"]
[EventCountry "GER"]
[SourceTitle "playchess.com"]
[Source "ChessBase"]
[SourceQuality "1"]

1. e4 e5 2. Nf3 Nc6 3. Bc4 Bc5 4. c3 Nf6 5. d4 exd4 6. e5 d5 7. Bb5 Ne4 8. cxd4 Bb6 9. Nc3 O-O 10. Be3 f5 11. Qc1 Ne7 12. Bd3 c6 13. h4 f4 14. Bxf4 Bg4 15. Be3 Nf5 16. Nxe4 dxe4 17. Bxe4 Bxf3 18. gxf3 Kh8 19. Bxf5 Rxf5 20. Qc2 Rxf3 21. Qe4 Ba5+ 22. Ke2 Rf8 23. f4 Qd7 24. Rag1 Qf7 25. Kf3 Rae8 26. b3 Bc7 27. Rg4 Qh5 28. Rhg1 c5 29. Kg3 cxd4 30. Bxd4 b6 31. Kh3 Bd8 32. e6 Bf6 33. Bxf6 Rxf6 34. Rxg7 Rfxe6 35. Rg8+ 1-0

[Event "4th GRENKE Open 2019"]
[Site "Karlsruhe"]
[Date "2019.04.19"]
[Round "3.14"]
[White "Coenen, Michael"]
[Black "Van Wely, Loek"]
[Result "1/2-1/2"]
[WhiteElo "2357"]
[BlackElo "2612"]
[Annotator "ChessBase"]
[PlyCount "122"]
[EventDate "2019.04.18"]
[EventType "swiss"]
[EventCountry "GER"]
[SourceTitle "playchess.com"]
[Source "ChessBase"]
[SourceQuality "1"]

1. e4 c5 2. Nf3 d6 3. d4 cxd4 4. Nxd4 Nf6 5. Nc3 a6 6. g3 e6 7. Bg2 Qc7 8. O-O Be7 9. a4 Nc6 10. b3 h5 11. Bg5 Nxd4 12. Qxd4 Bd7 13. Rfc1 O-O 14. Nd1 b5 15. axb5 axb5 16. Ne3 Bc6 17. c4 Qb8 18. Rxa8 Bxa8 19. Ra1 bxc4 20. bxc4 Bd8 21. Qd1 Nxe4 22. Bxd8 Rxd8 23. Qxh5 Qb2 24. Rf1 Rb8 25. Qa5 Bc6 26. Qc7 Qb6 27. Qxb6 Rxb6 28. Re1 Nd2 29. Bxc6 Rxc6 30. Rd1 Ne4 31. Ra1 Rb6 32. Ra2 Rb3 33. Rc2 g5 34. Kg2 f5 35. Nf1 Ra3 36. h3 Kf7 37. Nd2 Nc5 38. Nb1 Ra1 39. Rb2 e5 40. Rb6 Ne4 41. Rb2 Ke6 42. f3 Nc5 43. Nd2 Rc1 44. Ra2 Nd3 45. g4 Nc5 46. gxf5+ Kxf5 47. Nf1 Ke6 48. Ne3 Rc3 49. Re2 Nd3 50. Kg3 Rc1 51. Rc2 Rg1+ 52. Kh2 Re1 53. Nd5 Ra1 54. Kg3 Rb1 55. Nc3 Rb2 56. Rxb2 Nxb2 57. Kg4 Nxc4 58. Kxg5 d5 59. h4 d4 60. Ne4 Nd6 61. Nf2 Kf7 1/2-1/2

[Event "4th GRENKE Open 2019"]
[Site "Karlsruhe"]
[Date "2019.04.19"]
[Round "3.15"]
[White "Bluebaum, Matthias"]
[Black "Jahncke, Giso"]
[Result "1-0"]
[WhiteElo "2610"]
[BlackElo "2357"]
[Annotator "ChessBase"]
[PlyCount "67"]
[EventDate "2019.04.18"]
[EventType "swiss"]
[EventCountry "GER"]
[SourceTitle "playchess.com"]
[Source "ChessBase"]
[SourceQuality "1"]

1. d4 d5 2. c4 c6 3. Nf3 Nf6 4. Nc3 dxc4 5. a4 Bf5 6. Ne5 Na6 7. e3 Nb4 8. Bxc4 e6 9. O-O Bd6 10. Qe2 h6 11. e4 Bh7 12. Bf4 O-O 13. Rad1 Qe7 14. Bg3 c5 15. dxc5 Bxc5 16. Bh4 g5 17. Bg3 Rad8 18. Nd3 Nxd3 19. Bxd3 Bg6 20. e5 Rxd3 21. Rxd3 Bxd3 22. Qxd3 Nh5 23. Ne4 Rd8 24. Qf3 Nxg3 25. Nf6+ Kg7 26. hxg3 Qc7 27. Qe4 Kf8 28. Qh7 Ke7 29. Ng4 Rd4 30. Nxh6 Qxe5 31. Qxf7+ Kd8 32. Qxb7 Qxg3 33. Nf7+ Ke8 34. Qc8+ 1-0

[Event "4th GRENKE Open 2019"]
[Site "Karlsruhe"]
[Date "2019.04.19"]
[Round "3.16"]
[White "Vuilleumier, Alexandre"]
[Black "Svane, Rasmus"]
[Result "0-1"]
[WhiteElo "2354"]
[BlackElo "2605"]
[Annotator "ChessBase"]
[PlyCount "90"]
[EventDate "2019.04.18"]
[EventType "swiss"]
[EventCountry "GER"]
[SourceTitle "playchess.com"]
[Source "ChessBase"]
[SourceQuality "1"]

1. Nf3 d5 2. d4 Nf6 3. g3 Bf5 4. Bg2 e6 5. O-O h6 6. c4 c6 7. Nc3 Nbd7 8. cxd5 exd5 9. Nh4 Bh7 10. e4 dxe4 11. Re1 Bb4 12. Qb3 Qb6 13. Bxe4 Nxe4 14. Nxe4 O-O 15. Bd2 Be7 16. Nf3 Rfd8 17. Bf4 Qxb3 18. axb3 Bb4 19. Bd2 Bxe4 20. Rxe4 Bxd2 21. Nxd2 Nf6 22. Rf4 Nd5 23. Re4 Nf6 24. Rf4 Nd5 25. Re4 a6 26. Rae1 Nf6 27. Re7 Rab8 28. Nf3 Kf8 29. Kf1 Nd5 30. R7e4 Rd6 31. h4 Rbd8 32. R1e2 Nc7 33. Re7 R6d7 34. Rxd7 Rxd7 35. Re4 Ne6 36. Ke2 Rd5 37. Ke3 Rb5 38. Nd2 c5 39. dxc5 Nxc5 40. Re5 b6 41. Kd4 Nxb3+ 42. Nxb3 Rxb3 43. Re2 a5 44. Kd5 g6 45. Kc4 a4 0-1

[Event "4th GRENKE Open 2019"]
[Site "Karlsruhe"]
[Date "2019.04.19"]
[Round "3.17"]
[White "Bogner, Sebastian"]
[Black "Kulon, Klaudia"]
[Result "1-0"]
[WhiteElo "2603"]
[BlackElo "2351"]
[Annotator "ChessBase"]
[PlyCount "89"]
[EventDate "2019.04.18"]
[EventType "swiss"]
[EventCountry "GER"]
[SourceTitle "playchess.com"]
[Source "ChessBase"]
[SourceQuality "1"]

1. d4 Nf6 2. c4 g6 3. Nc3 Bg7 4. e4 d6 5. Nf3 O-O 6. Be2 e5 7. O-O exd4 8. Nxd4 Re8 9. f3 c6 10. Kh1 Nbd7 11. Bg5 Qb6 12. Na4 Qa5 13. Bh4 Nh5 14. Nc3 Nf4 15. Rc1 Qh5 16. Bg3 Be5 17. Qd2 Nxe2 18. Ndxe2 Nc5 19. b4 Ne6 20. f4 Bg7 21. f5 Ng5 22. Qxd6 Bf8 23. Qd4 Bxb4 24. c5 Ba5 25. Bd6 gxf5 26. Ng3 Qh4 27. Qf2 f6 28. exf5 b6 29. Bf4 Bxc3 30. Rxc3 Ba6 31. Bxg5 Qxg5 32. Re1 Rad8 33. Ne4 Qh6 34. Rh3 Qf8 35. Qh4 Re7 36. Nxf6+ Qxf6 37. Rg3+ Kf7 38. Rxe7+ Kxe7 39. Rg7+ Ke8 40. Rg8+ Ke7 41. Qxf6+ Kxf6 42. Rxd8 Kxf5 43. Rd7 bxc5 44. Rxa7 Bd3 45. Ra5 1-0

[Event "4th GRENKE Open 2019"]
[Site "Karlsruhe"]
[Date "2019.04.19"]
[Round "3.18"]
[White "Moussard, Jules"]
[Black "Chernov, Vadim"]
[Result "1/2-1/2"]
[WhiteElo "2598"]
[BlackElo "2345"]
[Annotator "ChessBase"]
[PlyCount "117"]
[EventDate "2019.04.18"]
[EventType "swiss"]
[EventCountry "GER"]
[SourceTitle "playchess.com"]
[Source "ChessBase"]
[SourceQuality "1"]

1. e4 c6 2. Nc3 d5 3. Nf3 g6 4. d4 Bg7 5. h3 Nf6 6. Bd3 dxe4 7. Nxe4 Nxe4 8. Bxe4 O-O 9. O-O Nd7 10. c3 e5 11. Re1 exd4 12. Nxd4 Nc5 13. Bc2 Ne6 14. Nf3 Qxd1 15. Rxd1 c5 16. Be4 Rb8 17. Ng5 b5 18. Nxe6 Bxe6 19. Bf4 Rb6 20. Bc7 Ra6 21. Bd6 Re8 22. Bxc5 Rxa2 23. Rxa2 Bxa2 24. Bf3 a6 25. Ra1 Bc4 26. Rxa6 Re1+ 27. Kh2 Be5+ 28. g3 h5 29. h4 Kg7 30. Ra8 Rc1 31. Re8 Bf6 32. Bf8+ Kh7 33. Ba3 Ra1 34. Re3 Kg7 35. Be4 Rd1 36. Kg2 Bf1+ 37. Kf3 g5 38. Bc6 gxh4 39. gxh4 Bxh4 40. Re5 Rd2 41. Bc5 Bf6 42. Re1 Bc4 43. Rg1+ Kh8 44. Bd4 Bxd4 45. cxd4 Rxd4 46. Rg5 Rd3+ 47. Ke4 Rb3 48. Ke5 Rxb2 49. f4 Re2+ 50. Kd4 h4 51. Bxb5 Bxb5 52. Rxb5 Kg7 53. Rh5 Kg6 54. Rxh4 Kf5 55. Kd3 Re7 56. Rh1 Kxf4 57. Rf1+ Kg3 58. Kd4 Kg4 59. Rg1+ 1/2-1/2

[Event "4th GRENKE Open 2019"]
[Site "Karlsruhe"]
[Date "2019.04.19"]
[Round "3.19"]
[White "Zuferi, Enis"]
[Black "Papp, Gabor"]
[Result "0-1"]
[WhiteElo "2348"]
[BlackElo "2598"]
[Annotator "ChessBase"]
[PlyCount "68"]
[EventDate "2019.04.18"]
[EventType "swiss"]
[EventCountry "GER"]
[SourceTitle "playchess.com"]
[Source "ChessBase"]
[SourceQuality "1"]

1. d4 Nf6 2. Nf3 e6 3. c4 c5 4. d5 exd5 5. cxd5 g6 6. Nc3 Bg7 7. Bf4 d6 8. Qa4+ Bd7 9. Qb3 b5 10. Bxd6 Qb6 11. Be5 O-O 12. a4 c4 13. Qd1 b4 14. Nb5 Bxb5 15. axb5 Nbd7 16. e3 Nxe5 17. Nxe5 c3 18. bxc3 Qc7 19. Nc6 Nxd5 20. Bc4 Nxc3 21. Qf3 Nxb5 22. Ra6 Nd6 23. Bd3 Nb7 24. Bc4 b3 25. O-O b2 26. h4 Nd6 27. Bd3 Qb7 28. Qd5 Nf5 29. Qa2 Nxh4 30. Be4 Qd7 31. g3 Nf5 32. Bxf5 gxf5 33. Qb3 Rac8 34. Qb5 Rb8 0-1

[Event "4th GRENKE Open 2019"]
[Site "Karlsruhe"]
[Date "2019.04.19"]
[Round "3.20"]
[White "Van Foreest, Jorden"]
[Black "Franklin, Samuel G A"]
[Result "1-0"]
[WhiteElo "2598"]
[BlackElo "2344"]
[Annotator "ChessBase"]
[PlyCount "89"]
[EventDate "2019.04.18"]
[EventType "swiss"]
[EventCountry "GER"]
[SourceTitle "playchess.com"]
[Source "ChessBase"]
[SourceQuality "1"]

1. e4 e5 2. Nf3 Nc6 3. Bc4 Bc5 4. c3 Nf6 5. d4 exd4 6. e5 d5 7. Bb5 Ne4 8. cxd4 Bb6 9. Nc3 O-O 10. Be3 Bg4 11. h3 Bh5 12. Rc1 Ne7 13. g4 Bg6 14. h4 f6 15. h5 Nxc3 16. bxc3 Be4 17. exf6 Rxf6 18. Rh3 Bxf3 19. Rxf3 Nc8 20. Kf1 Nd6 21. Bd3 Qf8 22. Kg2 h6 23. Rc2 c6 24. Bg6 Bc7 25. Bc1 Nc4 26. Rxf6 Qxf6 27. Qf3 Qd6 28. Qf7+ Kh8 29. Bxh6 Rg8 30. Kf1 Bd8 31. Re2 Qf8 32. Qxf8 Rxf8 33. Bc1 Ba5 34. Rc2 Kg8 35. Kg2 b5 36. Bg5 Bd8 37. Bxd8 Rxd8 38. Re2 Kf8 39. Re6 Rc8 40. g5 a5 41. f4 b4 42. cxb4 axb4 43. f5 Na5 44. f6 gxf6 45. gxf6 1-0

[Event "4th GRENKE Open 2019"]
[Site "Karlsruhe"]
[Date "2019.04.19"]
[Round "3.21"]
[White "Fecker, Noah"]
[Black "Indjic, Aleksandar"]
[Result "0-1"]
[WhiteElo "2346"]
[BlackElo "2592"]
[Annotator "ChessBase"]
[PlyCount "82"]
[EventDate "2019.04.18"]
[EventType "swiss"]
[EventCountry "GER"]
[SourceTitle "playchess.com"]
[Source "ChessBase"]
[SourceQuality "1"]

1. e4 c5 2. Nf3 d6 3. Bb5+ Bd7 4. Bxd7+ Qxd7 5. c4 e5 6. Nc3 Nc6 7. d3 Be7 8. O-O f5 9. a3 Nf6 10. Rb1 O-O 11. b4 b6 12. Bg5 Ne8 13. b5 Nd8 14. Bxe7 Qxe7 15. Nd5 Qd7 16. exf5 Rxf5 17. Nh4 Rf7 18. f4 Nc7 19. Nxc7 Qxc7 20. Qf3 Qb7 21. Qxb7 Rxb7 22. fxe5 dxe5 23. Rbe1 Nf7 24. Nf3 Rd7 25. Nxe5 Nxe5 26. Rxe5 Rxd3 27. Rf3 Rxf3 28. gxf3 Kf7 29. Rd5 Ke7 30. Re5+ Kd6 31. Rd5+ Ke6 32. a4 Rf8 33. Rd3 Rf4 34. Rc3 Ke5 35. Re3+ Kd4 36. Re7 Kxc4 37. Rxa7 Kb4 38. a5 bxa5 39. b6 Rf8 40. Rxg7 Rb8 41. b7 a4 0-1

[Event "4th GRENKE Open 2019"]
[Site "Karlsruhe"]
[Date "2019.04.19"]
[Round "3.22"]
[White "Kozul, Zdenko"]
[Black "Kulkarni, Rakesh"]
[Result "1/2-1/2"]
[WhiteElo "2589"]
[BlackElo "2334"]
[Annotator "ChessBase"]
[PlyCount "97"]
[EventDate "2019.04.18"]
[EventType "swiss"]
[EventCountry "GER"]
[SourceTitle "playchess.com"]
[Source "ChessBase"]
[SourceQuality "1"]

1. d4 Nf6 2. c4 e5 3. dxe5 Ng4 4. e3 Nxe5 5. a3 a5 6. Nc3 Nbc6 7. f4 Ng6 8. Bd3 Bc5 9. Qh5 Qh4+ 10. Qxh4 Nxh4 11. g3 Ng6 12. Nf3 d6 13. Nd5 Kd8 14. Ng5 Be6 15. Bd2 Nge7 16. Nxe6+ fxe6 17. Nxe7 Kxe7 18. O-O-O Kf7 19. Rhe1 Ne7 20. Bc3 Rhd8 21. Bf1 Nf5 22. Rd3 d5 23. cxd5 exd5 24. e4 d4 25. exf5 dxc3 26. Rxc3 b6 27. Bc4+ Kf8 28. Re6 Rd6 29. Rxd6 Bxd6 30. Re3 Re8 31. Be6 Rd8 32. a4 Bc5 33. Re2 Rd4 34. b3 Rd3 35. Bc4 Re3 36. Rd2 Bd6 37. Kd1 h5 38. Rd5 h4 39. Kd2 Rf3 40. Ke2 Rc3 41. Rd3 Rxd3 42. Bxd3 hxg3 43. hxg3 Ke7 44. Kf3 Bb4 45. g4 Bd2 46. g5 Bc1 47. Bc4 Bd2 48. Kg4 Bc1 49. Kf3 1/2-1/2